Historía mínima de la mitología

Saved in:
Bibliografiske detaljer
Hovedforfatter: García Gual, Carlos (autor)
Format: Bog
Sprog:spansk
Udgivet: Madrid Turner 2014
Ciudad de México El Colegio de México 2014
Udgivelse:1a. ed
Fag:
Tags: Tilføj Tag
Ingen Tags, Vær først til at tagge denne postø!

MARC

LEADER 00000cam a2200000 a 4500
001 UCE6446
003 CL-VaPUC
008 150409e20141100sp |||||||||||||||||spa|d
020 |a 9788415832164 
082 0 4 |a 291.13  |b GAR  |2 21 
100 |a García Gual, Carlos  |e autor  |9 595619 
245 1 0 |a Historía mínima de la mitología 
250 |a 1a. ed 
300 |a 237 p 
942 |c BK 
945 |d 20150409 10:07:00  |a arojas 
260 |a Madrid  |b Turner  |c 2014 
260 |a Ciudad de México  |b El Colegio de México  |c 2014 
500 |a Los mitos clásicos y sus ecos en la tradición occidental 
650 0 |a Mitología   |9 255719 
650 0 |a Historia  |9 255047 
583 |a last modification  |c 20150409 10:07:00  |k Rodrigo Vera 
999 |c 358778  |d 358776 
952 |0 0  |1 0  |3 erb  |4 0  |6 291_130000000000000_GAR_2014_2014  |7 0  |8 A  |9 467670  |a BIBHIS  |b BIBHIS  |i 5145503  |l 1  |o 291.13 GAR 2014 2014  |p 5145503  |r 2025-01-20  |s 2024-04-12  |w 2019-11-23  |y BK  |z Catalogado en:20150409  |k HIS